| 000 | 02354nam0a2200397 4500 | ||
|---|---|---|---|
| 001 | RU\NLR\BIBL_A\011901325 | ||
| 005 | 20230720144220.0 | ||
| 010 |
_9600 _a978-5-00140-075-2 |
||
| 021 |
_aRU _bКН-П-18-092203 _9КН-П-18-6697 |
||
| 029 | 1 | 0 |
_aRU _b065-2017 _cР |
| 035 | _a(NLR Aleph) 011901325 | ||
| 035 | _a(RuMoRGB)009827736 | ||
| 090 |
_a10884856 _c10884856 |
||
| 100 | _a20181226d2017 k y0rusy50 ca | ||
| 101 | 0 | _arus | |
| 102 | _aRU | ||
| 105 | _aa l 000|y | ||
| 200 | 9 |
_aРекомендации по выбору и применению объектового оборудования проводных систем передачи извещений, устойчивых к несанкционированному обходу _eР 065-2017 _zeng _fпереработаны ФКУ "НИЦ "Охрана" Росгвардии _g[перераб.: С. П. Борисовым и др.] |
|
| 205 | _aИзд. офиц. | ||
| 210 |
_aМосква _c"НИЦ "Охрана" Росгвардии _aСаратов _cАмирит _d2017 |
||
| 215 |
_a67 с. _cил. _d21 |
||
| 225 | 1 |
_aБиблиотека технического специалиста охраны _fФедеральная служба войск национальной гвардии Российской Федерации. Главное управление вневедомственной охраны |
|
| 239 | _aвзамен Р 78.36.020-2012 | ||
| 517 | 1 | _aР 065-2017 | |
| 606 | 1 |
_aТехнические средства _jНормативные документы _xПрименение в охране объектов _91828977 _3RU\NLR\AUTH\661118997 |
|
| 606 | 1 |
_aОхранная сигнализация _jНормативные документы _xАппараты и приборы _92226985 _3RU\NLR\AUTH\661336861 |
|
| 686 |
_v2000 _2oks |
||
| 686 | 1 | _aЗ885.24-5я82 | |
| 712 | 0 | 1 |
_4570 _aРоссийская Федерация _bФедеральная служба войск национальной гвардии _bГлавное управление вневедомственной охраны _9644479 _3RU\NLR\AUTH\880492208 |
| 942 | _cBOOK | ||
| 980 | _aNBR | ||
| 980 | _aNB | ||